NHL Backup Goalies (Reg. Season) - Statistics

General Stats
  • This quiz has been taken 22 times
  • The average score is 21 of 32
Answer Stats
Team Starting Goalie Answer % Correct
Detroit Red Wings Ville Husso Alex Lyon/James Reimer
88%
New York Rangers Igor Shesterkin Jonathan Quick
88%
Boston Bruins Jeremy Swayman Linus Ullmark
88%
Vegas Golden Knights Logan Thompson Adin Hill
81%
Florida Panthers Sergei Bobrovsky Anthony Stolarz
81%
Calgary Flames Jacob Markstrom Dan Vladar/Dustin Wolf
81%
Arizona Coyotes Connor Ingram Karel Vejmelka
81%
Carolina Hurricanes Frederik Andersen Pyotr Kochetkov/Antti Raanta
81%
Dallas Stars Jake Oettinger Scott Wedgewood
81%
Montreal Canadiens Sam Montembeault Cayden Primeau/Jake Allen
75%
Anaheim Ducks John Gibson Lukas Dostal
75%
Buffalo Sabres Ukko-Pekka Luukkonen Devon Levi
69%
Minnesota Wild Filip Gustavsson Marc-Andre Fleury
69%
New York Islanders Ilya Sorokin Semyon Varlamov
69%
Chicago Blackhawks Petr Mrazek Arvid Soderblom
63%
Edmonton Oilers Stuart Skinner Calvin Pickard
63%
Vancouver Canucks Thatcher Demko Casey DeSmith/Arturs Silovs
63%
Seattle Kraken Philipp Grubauer Joey Daccord
63%
Toronto Maple Leafs Ilya Samsonov/Joseph Woll Joseph Woll/Martin Jones
63%
Ottawa Senators Joonas Korpisalo Anton Forsberg
56%
Columbus Blue Jackets Elvis Merzlikins Danill Tarasov
56%
Washington Capitals Charlie Lindgren Darcy Kuemper
56%
Los Angeles Kings Cam Talbot David Rittich/Pheonix Copley
56%
St. Louis Blues Jordan Binnington Joel Hofer
56%
Pittsburgh Penguins Tristan Jarry Alex Nedeljkovic
50%
Nashville Predators Juuse Saros Kevin Lankinen
50%
Philadelphia Flyers Carter Hart/Samuel Ersson Samuel Ersson/Ivan Fedotov
50%
Tampa Bay Lightning Andrei Vasilevskiy Jonas Johansson/Matt Tomkins
44%
Colorado Avalanche Alexandar Georgiev Justus Annunen/Ivan Prosvetov
44%
Winnipeg Jets Connor Hellebuyck Laurent Brossoit
44%
New Jersey Devils Jake Allen Kaapo Kahkonen
38%
San Jose Sharks Mackenzie Blackwood Magnus Chrona/Kaapo Kahkonen
38%
No matching quizzes found
Score Distribution
Percent of People with Each Score
Percentile by Number Answered
Your Score History
You have not taken this quiz